00308nam a22001097a 4500082001800000100002400018245006500042260004500107300002100152563000800173650001700181 a345.5491bANJ aAjnum, Ahsan Sohail aCode of Criminal Procedure [V of 1898] /cAhsan Sohail Ajnum aLahore :bMansoor Law Book House,c2023. a888 p. ;e24 cm. aHB. aCriminal Law